000 01574nam a22002417a 4500
001 2162214035926737
003 UA-OsUOA
005 20260417105418.0
008 260417b -us||||| |||| 00| f eng d
040 _aUA-OsUOA
_beng
_cUA-OsUOA
_dUA-OsUOA
041 _aeng
080 _a821.111(73)
090 _a821.111(73)
_bW69
100 _aWilliams B. A.
_924977
245 _aOwen Glen
_cBen Ames Williams
260 _aBoston
_bHoughton Mifflin Company
_c1950
300 _a629 p.
520 _aOwen Glen is a sweeping historical novel set in the 1890s in a small coal-mining town in southern Ohio. The story follows the formative years of the title character, Owen Glen, a young Welsh-American boy who begins working in the mines at a very early age. Through Owen's eyes, Ben Ames Williams provides a detailed and realistic portrayal of the social and economic struggles of the era, focusing on the rise of the United Mine Workers and the harsh realities of labor relations. As Owen matures, he becomes a leader and a voice for his community, navigating the complexities of politics, family loyalty, and personal ambition. The novel is celebrated for its deep character development and its authentic depiction of a pivotal time in American industrial history, blending a personal coming-of-age story with the broader narrative of the labor movement.
650 _a821 Художня література окремими мовами і мовними сім'ями
_917
942 _cBK
_2udc
955 _a3
999 _c281670
_d281670